| 000 | 00666cam a22002411 4500 | ||
|---|---|---|---|
| 999 |
_c10289 _d10289 |
||
| 001 | 278678 | ||
| 003 | OSt | ||
| 005 | 20210222111431.0 | ||
| 008 | 790405s1963 pau 000 0 eng | ||
| 010 | _a 63008898 | ||
| 040 |
_aDLC _cDLC _dDLC |
||
| 041 | 1 | _aengund | |
| 050 | 0 | 0 |
_aBL53 _bT728S |
| 082 | 0 | 0 |
_a201 _bT728S |
| 100 | 1 | _aTournier, Paul. | |
| 240 | 1 | 0 |
_aForts et les faibles. _lEnglish |
| 245 | 1 | 4 |
_aThe strong and the weak. _cTranslated by Edwin Hudson. |
| 260 |
_aPhiladelphia, _bWestminster Press _c[1963] |
||
| 300 |
_a254 p. _c23 cm. |
||
| 650 | 0 | _aPsychology, Religious. | |
| 906 |
_a7 _bcbc _corignew _du _eocip _f19 _gy-gencatlg |
||
| 942 |
_2ddc _cBK |
||